El Acoso moral : incidencia en el sector público / Juan B. Lorenzo de Membiela incidencia en el sector público / Juan B. Lorenzo de Membiela
ISBN:
978-84-9803-263-5
Publicado:
Barcelona :
Diputació de Barcelona : Consorci d'Estudis, Mediació i Conciliació a l'Administració ,
2007
Descripción Física:
127 p. ; 24 cm
Colección:
Estudios de relaciones laborales ; 3
MARC
| LEADER | 00000nam a2200000Ia 4500 | ||
|---|---|---|---|
| 001 | 19900 | ||
| 003 | AGDB | ||
| 005 | 20260324180056.0 | ||
| 008 | 160829s2007 xx 000 0 cat d | ||
| 020 | |a 978-84-9803-263-5 | ||
| 080 | |a M-5-488 | ||
| 100 | |a Lorenzo de Membiela, Juan B. |9 34700 | ||
| 245 | |a El Acoso moral : |b incidencia en el sector público / Juan B. Lorenzo de Membiela | ||
| 260 | |a Barcelona : |b Diputació de Barcelona : |b Consorci d'Estudis, Mediació i Conciliació a l'Administració, |c 2007 | ||
| 300 | |a 127 p. ; |c 24 cm | ||
| 490 | |a Estudios de relaciones laborales ; 3 | ||
| 590 | |a Hi ha un exemplar en català amb R. 17144 | ||
| 650 | |a Assetjament psicològic |9 34701 | ||
| 650 | 0 | |a Administració pública |9 23819 | |
| 710 | 1 | |a Consorci d'Estudis, Mediació i Conciliació a l'Administració Local (Barcelona) |9 52747 | |
| 901 | |a Arxiu | ||
| 942 | |n 1 |2 udc |c ARXIU | ||
| 952 | |0 0 |1 0 |4 0 |6 M5488 |7 1 |9 52688 |a Arxiu |b Arxiu |d 2016-12-01 |l 0 |o M-5-488 |p 19900 |r 2016-12-01 00:00:00 |w 2016-12-01 |y ARXIU | ||
| 999 | |c 56537 |d 56537 | ||